00495nam a2200181 a 4500001001300000003000900013005001700022008004100039020002300080082001800103100001900121245005800140260002500198300000900223500003500232650002700267700001900294nice12345678IN_TiNIC20260116012310.0070830s1993 dela grp 000 0 eng  a817214069X c10000a261.1092bELW aElwin, Verrier aDin-Sevakb Verrier`s Life of Service in Tribal India aDelhi bISPCK c1993 a285p aincludes index and biblioraphy aChurch-Social Services1 aElwin, Verrier